|
|
|
|
| LEADER |
01258naa a2200349 a 4500 |
| 001 |
000000300 |
| 003 |
SVKKK |
| 005 |
20071019125210.0 |
| 008 |
030616c1990 xo e engo |
| FMT |
|
|
|
| 038 |
|
|
|a SVKKK
|
| 040 |
|
|
|a SVKKK
|b slo
|e AACR2
|
| 041 |
0 |
|
|a eng
|b rus
|
| 044 |
|
|
|a xo
|c SK
|
| 080 |
|
|
|a 550.8(234.372.3/.4)
|2 1981
|
| 100 |
1 |
|
|a Ondrášik, Rudolf
|4 aut
|
| 242 |
1 |
0 |
|a Inžiniersko-geologické využitie heterogenity komplexu kryštalických hornín lúčanskej Malej Fatry
|
| 245 |
1 |
0 |
|a Engineering Geological Evaluation of the Lúčanská Malá Fatra Mts Crystalline Rock Heterogeneity
|c Ondrášik Rudolf, Matejček Anton, Trabalíková Tatjana
|
| 300 |
|
|
|b Obr. 9
|
| 500 |
|
|
|a Bratislava, Univerzita Komenského
|
| 504 |
|
|
|a Res. rus., lit. 11 zázn. v angl., slov.
|
| 650 |
0 |
4 |
|a výskum inžiniersko-geologický
|x výsledky
|x vzužitie
|x štúdie
|
| 651 |
|
4 |
|a Malá Fatra
|
| 700 |
1 |
|
|a Matejček, Anton
|4 aut
|
| 700 |
1 |
|
|a Trabalíková, Tatjana
|4 aut
|
| 773 |
0 |
|
|t Acta Geologica et Geographica Universitatis Comenianae
|d Bratislava : Slovenské pedagogické nakladateľstvo, 1990
|z 80-08-00746-X
|g S. 237-246
|
| 958 |
|
|
|a NP
|
| 974 |
|
|
|d 940721
|a 245/219
|
| 992 |
|
|
|a RZB
|
| BAS |
|
|
|
| 852 |
|
|
|a SVKKK
|b BIB
|
| 998 |
|
|
|a GEO
|